Hương ước Thái Bình
Sách giới thiệu về hương ước (các quy luật trong làng) ở tỉnh Thái Bình
Đã lưu trong:
| Príomhúdar: | |
|---|---|
| Formáid: | Leabhar |
| Teanga: | Undetermined |
| Foilsithe: |
Hà Nội
Sân khấu
2016
|
| Ábhair: | |
| Clibeanna: |
Cuir Clib Leis
Gan Chlibeanna, Bí ar an gcéad duine leis an taifead seo a chlibeáil!
|
| Thư viện lưu trữ: | Trung tâm Học liệu Trường Đại học Cần Thơ |
|---|
| LEADER | 00698nam a2200205Ia 4500 | ||
|---|---|---|---|
| 001 | CTU_216942 | ||
| 008 | 210402s9999 xx 000 0 und d | ||
| 082 | |a 392.0959736 | ||
| 082 | |b Th107 | ||
| 100 | |a Nguyễn, Thanh | ||
| 245 | 0 | |a Hương ước Thái Bình | |
| 245 | 0 | |c Nguyễn Thanh | |
| 260 | |a Hà Nội | ||
| 260 | |b Sân khấu | ||
| 260 | |c 2016 | ||
| 520 | |a Sách giới thiệu về hương ước (các quy luật trong làng) ở tỉnh Thái Bình | ||
| 650 | |a Phong tục tập quán,Manners and customs | ||
| 650 | |z Việt Nam,Vietnam | ||
| 904 | |i Yến (Nguyên) | ||
| 980 | |a Trung tâm Học liệu Trường Đại học Cần Thơ | ||